The Paper Chase : (Record no. 22101)

MARC details
000 -LEADER
fixed length control field 00758nam a22002897a 4500
003 - CONTROL NUMBER IDENTIFIER
control field IBSLLIB
005 - DATE AND TIME OF LATEST TRANSACTION
control field 20260511090821.0
008 - FIXED-LENGTH DATA ELEMENTS--GENERAL INFORMATION
fixed length control field 260511b |||||||| |||| 00| 0 eng d
020 ## - INTERNATIONAL STANDARD BOOK NUMBER
International Standard Book Number 0002552442
040 ## - CATALOGING SOURCE
Original cataloging agency IBSLIB
Language of cataloging English
041 ## - LANGUAGE CODE
Language code of original Eng
082 ## - DEWEY DECIMAL CLASSIFICATION NUMBER
Classification number 813.54
Item number FAL
100 ## - MAIN ENTRY--PERSONAL NAME
Personal name Fallon , Ivan
245 ## - TITLE STATEMENT
Title The Paper Chase :
Remainder of title A decade of change at the DSS
260 ## - PUBLICATION, DISTRIBUTION, ETC. (IMPRINT)
Place of publication, distribution, etc. London :
Name of publisher, distributor, etc. HarperCollins ,
Date of publication, distribution, etc. 1993
300 ## - PHYSICAL DESCRIPTION
Extent 162 p ;
Other physical details 25 cm
505 ## - FORMATTED CONTENTS NOTE
Formatted contents note The lure of camelot
505 ## - FORMATTED CONTENTS NOTE
Formatted contents note Enter andersen
505 ## - FORMATTED CONTENTS NOTE
Formatted contents note Spend more time
505 ## - FORMATTED CONTENTS NOTE
Formatted contents note The new director
505 ## - FORMATTED CONTENTS NOTE
Formatted contents note A success at last
505 ## - FORMATTED CONTENTS NOTE
Formatted contents note caines comes back
650 ## - SUBJECT ADDED ENTRY--TOPICAL TERM
Topical term or geographic name as entry element Literature
650 ## - SUBJECT ADDED ENTRY--TOPICAL TERM
Topical term or geographic name as entry element American literature
650 ## - SUBJECT ADDED ENTRY--TOPICAL TERM
Topical term or geographic name as entry element American Dictionary
942 ## - ADDED ENTRY ELEMENTS (KOHA)
Koha item type Lending Book
Holdings
Withdrawn status Lost status Damaged status Not for loan Collection code Permanent Location Current Location Shelving location Date acquired Source of acquisition Inventory number Full call number Barcode Koha item type
        Lending Collection IBSL Library IBSL Library Lending Section 30/04/2026 Donation 10838 813.54 FAL 10838 Lending Book
Copyright © 2024 IBSL Library, All rights reserved.
mail to: library@ibsl.lk | Contact: 0112425735 | Library Address: IBSL Library, 80A, Elvitigala Mawatha, Colombo 008